00652nam a22002057a 450000500170000001000150001702000260003203500140005803700090007208200160008110000240009724500290012126000430015027000560019330000220024970000100027194200220028199900190030395201240032220240828124115.0 aENG-141494 c875.00a9789389810639 aEN-125026 bDBAD a2392TWELVE aCharan singh970658 aThe Path /cCharan singh aPunjabbRadha Soami Satsang Beasc2024 bPunjabaDera Baba Jaimal Singh Punjab Indiae143204 a174 p.c22 cm(Pb) 970628 2ddccENh239mCHA c205348d205348 00104070aDBADbDBADd2024-08-28eDBADg875.00l0o239 CHApEN-125026r2024-08-28 00:00:00t1v875.00w2024-08-28yEN